| 000 | 00767cam a2200217 4500 | ||
|---|---|---|---|
| 082 | 0 | 0 |
_a629.04 _bPAQ _cL-18, P-34 |
| 100 | 1 | _aPaquette, Radnor Joseph. | |
| 245 | 1 | 0 |
_aTransportation engineering; planning and design _c[by] Radnor J. Paquette, Norman Ashford [and] Paul H. Wright. |
| 260 |
_aNew York, _bRonald Press Co. _c[1972] |
||
| 300 |
_avi, 760 p. _billus. _c24 cm. |
||
| 526 |
_a0 _b0 _c0 _d629_040000000000000_PAQ |
||
| 526 |
_a0 _b0 _c0 _d629_040000000000000_PAQ |
||
| 526 |
_a0 _b0 _c0 _d629_040000000000000_PAQ |
||
| 526 |
_a0 _b0 _c0 _d629_040000000000000_PAQ |
||
| 650 | 0 | _aCivil engineering. | |
| 650 | 0 |
_aMCE _9379 |
|
| 650 | 0 |
_aTransportation engineering. _9854 |
|
| 700 | 1 |
_aAshford, Norman, _97046 |
|
| 700 | 1 |
_aWright, Paul H., _97049 |
|
| 942 |
_2ddc _cBK |
||
| 999 |
_c548136 _d548136 |
||